| 000 | 00750nam a2200265 4500 | ||
|---|---|---|---|
| 001 | 36247 | ||
| 003 | BD-RjUL | ||
| 005 | 20211209052446.0 | ||
| 008 | 140618r19601935nyu 000 0 eng d | ||
| 035 | _a(BD-RjUL)36344 | ||
| 040 |
_cWSU _dRCD _dBD-RjUL _aBD-RjUL _beng |
||
| 041 | _aeng | ||
| 082 | 0 | 0 |
_a320 _bREA 1960 |
| 090 |
_aJA83 _b.S733 |
||
| 099 | _aJA83.S733 | ||
| 245 | 1 | 0 |
_aReadings in recent political philosophy / _cselected abridged and adited by Margaret Spahr |
| 260 |
_aNew York : _bThe Macmillan company, _c1960. |
||
| 300 |
_a776 p. ; _c20cm |
||
| 650 | 0 |
_aPolitical science. _9110309 |
|
| 700 | 1 |
_aSpahr, Margaret, _9110310 |
|
| 740 | 0 | _aPolitical philosophy. | |
| 942 |
_2ddc _cBK |
||
| 949 | _aMYGD | ||
| 999 |
_c36247 _d36247 |
||